000
00321nam a22001457a 4500
003
SGT
020
_a
9788120810099
082
_a
320
_b
ALT
100
_a
ALTEKAR A.S
245
_a
STATE AND GOVERNMENT IN ANCIENT INDIA
250
_a
7
260
_a
MOTILAL BANARSIDASS
_b
DELHI
_c
2016
300
_a
404
942
_2
ddc
_c
BK
999
_c
25764
_d
25764